00530nam a2200193 a 4500001001300000003000900013005001700022008004100039020002300080082002300103100001900126245004900145260004200194300000900236500003500245505001000280650002700290700001900317nice12345678IN_TiNIC20260116012735.0050524s1991 dela grp 000 0 eng  a8170248 c25000a323.39710954bMUH1 aMuhammad, Shan aGrowth of Muslim Politics in India 1900-1919 aDelhibAshish Publishing House c1991 a227p aincludes index and biblioraphy2 aIndex aMuslims-India-Politics1 aMuhammad, Shan